| 000 | 00614nam a22001817a 4500 | ||
|---|---|---|---|
| 020 | _qHard Cover. | ||
| 082 | _a330 | ||
| 100 | _aZain Moin Shami : Muhammad Karim | ||
| 245 |
_aImpact of ICT on the GDP of Bangladesh, India and Srilanka: _bA Comparative Analysis / _cShami, Zain Moin : Mohammad Karim |
||
| 260 |
_aIslamabad: _bS3H NUST, _c2021. |
||
| 300 |
_a40 p. : _bill. ; _c30cm. |
||
| 563 | _aHB | ||
| 650 | _aBS-Economics | ||
| 700 |
_aMr. Imran Said _955296 |
||
| 856 | _uhttp://10.250.8.41:8080/xmlui/handle/123456789/24393 | ||
| 942 |
_2ddc _cPR |
||
| 999 |
_c566101 _d566101 |
||